书目信息 |
| 题名: |
新五代史
|
|
| 作者: | 欧阳修 撰 | |
| 分册: | ||
| 出版信息: | 北京 中华书局出版社 |
|
| 页数: | ||
| 开本: | 32开 | |
| 丛书名: | ||
| 单 册: | ||
| 中图分类: | K243.104.2 | |
| 科图分类: | ||
| 主题词: | 中国--历史 | |
| 电子资源: | ||
| ISBN: | ||
| 000 | 00485nam0 2200181 45 | |
| 001 | 0103270928 | |
| 005 | 20010327095410.7 | |
| 100 | @a20010327d km y0chiy0120 ea | |
| 101 | 0 | @achi |
| 105 | @a z 000yy | |
| 200 | 1 | @a新五代史@AXin Wu Dai Shi@f(宋)欧阳修撰@F(Song)Ou Yang Xiu Zhuan |
| 210 | @a北京@c中华书局出版社 | |
| 215 | @d32开 | |
| 606 | 0 | @a中国@x历史 |
| 690 | @aK243.104.2@v3 | |
| 701 | 0 | @a欧阳修@4撰 |
| 801 | @aCN@bPftUser@c20010327 | |
| 905 | @b332512@dK243.104.2@eO903@f1 | |
| 新五代史/(宋)欧阳修撰.-北京:中华书局出版社 |
| 32开 |
| ISBN : |
| ● |
| 相关链接 |
|
|
|
正题名:新五代史
索取号:K243.104.2/O903
 
预约/预借
| 序号 | 登录号 | 条形码 | 馆藏地/架位号 | 状态 | 备注 |
| 1 | 332512 | 203325124 | 社科库309/400A自科库 6排1列1层/ [索取号:K243.104.2/O903] | 在馆 |